[Event "Aktobe Dvorkovich op-A"]
[Site "Aktobe"]
[Date "2025.06.30"]
[Round "9"]
[White "Rostovtsev, Dmitry"]
[Black "Tudor, Henry Edward"]
[Result "1-0"]
[WhiteElo "2429"]
[BlackElo "2374"]
[PlyCount "43"]
[EventDate "2025.06.22"]
[EventType "swiss"]
[EventRounds "9"]
[EventCountry "KAZ"]
[SourceTitle "CB27_2025"]
[SourceDate "2025.07.02"]
[SourceVersion "1"]
[SourceVersionDate "2025.07.02"]
[SourceQuality "1"]

1. e4 c5 2. Nf3 e6 3. Nc3 a6 4. Be2 b5 5. 0-0 Bb7 6. d4 cxd4 7. Qxd4 Nc6 8. Qe3 Nb4 9. Qf4 Nxc2 10. Rb1 Rc8 11. Rd1 b4 12. Ne5 Nf6 13. Rxd7 Qxd7 14. Nxd7 Nxd7 15. Qd2 bxc3 16. Qxc2 cxb2 17. Qxb2 Bxe4 18. Bxa6 Rc2 19. Qd4 Bd5 20. Qa4 Rxa2 21. Rb8+ Ke7 22. Qb4+ 1-0

[Event "Aktobe Dvorkovich op-A"]
[Site "Aktobe"]
[Date "2025.06.23"]
[Round "2"]
[White "Rostovtsev, Dmitry"]
[Black "Nogerbek, Kazybek"]
[Result "1/2-1/2"]
[WhiteElo "2429"]
[BlackElo "2538"]
[PlyCount "158"]
[EventDate "2025.06.22"]
[EventType "swiss"]
[EventRounds "9"]
[EventCountry "KAZ"]
[SourceTitle "CB27_2025"]
[SourceDate "2025.07.02"]
[SourceVersion "1"]
[SourceVersionDate "2025.07.02"]
[SourceQuality "1"]

1. d4 Nf6 2. c4 e6 3. g3 d5 4. Bg2 dxc4 5. Qa4+ Bd7 6. Qxc4 Bc6 7. Nf3 Bd5 8. Qa4+ Bc6 9. Qc4 Bd5 10. Qa4+ Bc6 11. Qd1 e5 12. 0-0 exd4 13. Qxd4 Qxd4 14. Nxd4 Bxg2 15. Kxg2 c6 16. b3 Nbd7 17. Bb2 Bc5 18. Rd1 g6 19. Nd2 0-0 20. Rac1 Rac8 21. Nc4 Rfe8 22. e3 b6 23. a3 Be7 24. b4 Red8 25. Nd6 Bxd6 26. Nxc6 Ne8 27. e4 Kf8 28. e5 Rxc6 29. Rxc6 Bxe5 30. Rxd7 Rxd7 31. Bxe5 Ke7 32. a4 f6 33. Bc3 Rd6 34. Rc4 Kd7 35. b5 Nc7 36. Bd4 a6 37. bxa6 Nxa6 38. Be3 Rc6 39. Rd4+ Ke7 40. g4 Nc5 41. Kf3 Nd7 42. Rb4 Ke6 43. Ke4 h5 44. gxh5 gxh5 45. Bd4 Nc5+ 46. Bxc5 bxc5 47. Rc4 Kd6 48. a5 Ra6 49. Ra4 Kc6 50. Ra1 Ra8 51. a6 Kb6 52. Kd5 Rd8+ 53. Ke6 c4 54. a7 Ra8 55. Kd5 c3 56. Rc1 Rxa7 57. Rxc3 Ra4 58. Rf3 Kc7 59. Ke6 Kd8 60. Kxf6 Rg4 61. h3 Rg2 62. Kf7 h4 63. Rf4 Rh2 64. Rf3 Rg2 65. Rd3+ Kc7 66. f4 Rg3 67. Rd4 Rf3 68. Kf6 Rxh3 69. f5 Rh2 70. Re4 Kd7 71. Kf7 Rf2 72. f6 h3 73. Rd4+ Kc7 74. Ke7 Re2+ 75. Kf8 h2 76. Rh4 Kd7 77. Rh7+ Ke6 78. f7 Rf2 79. Rh6+ Rf6 1/2-1/2

[Event "Moscow Smyslov Masters"]
[Site "Moscow"]
[Date "2025.06.10"]
[Round "9"]
[White "Maslovskiy, Vladimir"]
[Black "Rostovtsev, Dmitry"]
[Result "1/2-1/2"]
[WhiteElo "2327"]
[BlackElo "2429"]
[PlyCount "21"]
[EventDate "2025.06.02"]
[EventType "swiss"]
[EventRounds "9"]
[EventCountry "RUS"]
[SourceTitle "CB29_2025"]
[SourceDate "2025.07.16"]
[SourceVersion "1"]
[SourceVersionDate "2025.07.16"]
[SourceQuality "1"]

1. e4 e5 2. Nf3 Nc6 3. Bb5 a6 4. Ba4 Nf6 5. 0-0 Be7 6. Re1 b5 7. Bb3 0-0 8. c3 d6 9. h3 Bb7 10. d4 Re8 11. Kf1 1/2-1/2

[Event "RUS-chT2"]
[Site "Sochi"]
[Date "2025.04.27"]
[Round "2.2"]
[White "Rostovtsev, Dmitry"]
[Black "Marchuk, Rostislav"]
[Result "1-0"]
[WhiteElo "2321"]
[BlackElo "2137"]
[PlyCount "37"]
[EventDate "2025.04.26"]
[EventType "team-swiss"]
[EventRounds "9"]
[EventCountry "RUS"]
[SourceTitle "CB19_2025"]
[SourceDate "2025.05.07"]
[SourceVersion "1"]
[SourceVersionDate "2025.05.07"]
[SourceQuality "1"]
[WhiteTeam "Moscow Formula Shakhmat"]
[BlackTeam "Altay Region"]
[WhiteTeamCountry "RUS"]
[BlackTeamCountry "RUS"]

1. e4 d6 2. d4 Nf6 3. Nc3 e5 4. Nf3 Nbd7 5. Rg1 c6 6. g4 h6 7. Be3 b5 8. a3 Bb7 9. g5 hxg5 10. Nxg5 a6 11. Qf3 exd4 12. Bxd4 Ne5 13. Qg3 Nh5 14. Qe3 c5 15. Bxe5 dxe5 16. Nxb5 axb5 17. Bxb5+ Ke7 18. Qb3 Qa5+ 19. c3 1-0

[Event "RUS-chT2"]
[Site "Sochi"]
[Date "2025.04.26"]
[Round "1.2"]
[White "Polkovnikyan, Artem"]
[Black "Rostovtsev, Dmitry"]
[Result "0-1"]
[WhiteElo "2131"]
[BlackElo "2321"]
[PlyCount "76"]
[EventDate "2025.04.26"]
[EventType "team-swiss"]
[EventRounds "9"]
[EventCountry "RUS"]
[SourceTitle "CB19_2025"]
[SourceDate "2025.05.07"]
[SourceVersion "1"]
[SourceVersionDate "2025.05.07"]
[SourceQuality "1"]
[WhiteTeam "Moscow Gambit"]
[BlackTeam "Moscow Formula Shakhmat"]
[WhiteTeamCountry "RUS"]
[BlackTeamCountry "RUS"]

1. e4 e5 2. Nf3 Nc6 3. Nc3 Nf6 4. d4 exd4 5. Nxd4 Bb4 6. Nxc6 bxc6 7. Bd3 0-0 8. 0-0 d5 9. exd5 cxd5 10. h3 Rb8 11. Qf3 Rb6 12. Bg5 Bb7 13. Qg3 h6 14. Bxh6 Nh5 15. Qg4 f5 16. Bxf5 Rxh6 17. Be6+ Rxe6 18. Qxe6+ Kh8 19. Ne2 Qg5 20. Qg4 Qxg4 21. hxg4 Ba6 22. gxh5 Bxe2 23. Rfe1 Bxe1 24. Rxe1 Bxh5 25. Re5 Bf7 26. Re7 c5 27. Rxa7 Bg6 28. Rc7 c4 29. Rd7 Rb8 30. b3 c3 31. Rxd5 Rc8 32. Rd1 Bxc2 33. Rc1 Bd3 34. f3 c2 35. a4 Rb8 36. Kf2 Rxb3 37. Ke3 Bg6+ 38. Kd2 Ra3 0-1

[Event "Moscow Aeroflot op-A"]
[Site "Moscow"]
[Date "2025.03.06"]
[Round "9"]
[White "Aliyev, Ravan"]
[Black "Rostovtsev, Dmitry"]
[Result "1/2-1/2"]
[WhiteElo "2365"]
[BlackElo "2292"]
[PlyCount "105"]
[EventDate "2025.03.01"]
[EventType "swiss"]
[EventRounds "9"]
[EventCountry "RUS"]
[SourceTitle "CB11_2025"]
[SourceDate "2025.03.12"]
[SourceVersion "1"]
[SourceVersionDate "2025.03.12"]
[SourceQuality "1"]

1. d4 Nf6 2. c4 e6 3. Nf3 b6 4. Nc3 Bb7 5. a3 d5 6. cxd5 Nxd5 7. Qc2 Nxc3 8. bxc3 c5 9. e4 Nd7 10. Bf4 cxd4 11. cxd4 Rc8 12. Qb1 h6 13. Bd3 g5 14. Be3 Bg7 15. 0-0 0-0 16. Rd1 Qc7 17. a4 Rfd8 18. Ra2 Nf6 19. Ne5 Nxe4 20. Rc2 Nc3 21. Rxc3 Qxc3 22. Bh7+ Kf8 23. Bd2 Qc7 24. Bb4+ Ke8 25. Nxf7 Qc6 26. d5 Rxd5 27. Rxd5 Qxd5 28. Nd6+ Kd7 29. Nxb7 Qb3 30. Nc5+ Rxc5 31. Bxc5 Qxb1+ 32. Bxb1 bxc5 33. Kf1 Kd6 34. Ke2 c4 35. Bg6 Ke5 36. Ke3 Bf8 37. Bf7 Bd6 38. h3 Bc5+ 39. Ke2 Bd4 40. Bg8 Kf6 41. Bh7 Ke7 42. g4 e5 43. Bg8 c3 44. Bh7 Kd6 45. f3 Kc5 46. Bc2 Kb4 47. Kd1 Be3 48. Ke2 Bf4 49. Kd1 a5 50. Ke2 Kc4 51. Kd1 Kb4 52. Ke2 Ka3 53. Kd3 1/2-1/2

[Event "Moscow Aeroflot op-A"]
[Site "Moscow"]
[Date "2025.03.05"]
[Round "7"]
[White "Paravyan, David"]
[Black "Rostovtsev, Dmitry"]
[Result "1-0"]
[WhiteElo "2619"]
[BlackElo "2292"]
[PlyCount "77"]
[EventDate "2025.03.01"]
[EventType "swiss"]
[EventRounds "9"]
[EventCountry "RUS"]
[SourceTitle "CB11_2025"]
[SourceDate "2025.03.12"]
[SourceVersion "1"]
[SourceVersionDate "2025.03.12"]
[SourceQuality "1"]

1. e4 e5 2. Nf3 Nc6 3. Bc4 Bc5 4. c3 Nf6 5. d3 d6 6. a4 a5 7. Bg5 h6 8. Bh4 0-0 9. Nbd2 Ba7 10. h3 Be6 11. 0-0 Qe7 12. Kh1 Bxc4 13. Nxc4 Qe6 14. Bxf6 Qxf6 15. Qb3 Rfb8 16. Qb5 Bc5 17. Ne3 Bxe3 18. fxe3 Qe6 19. d4 Ne7 20. Nd2 c6 21. Qc4 d5 22. Qb3 f5 23. exd5 Nxd5 24. dxe5 Qxe5 25. Rae1 b5 26. e4 fxe4 27. Rxe4 Qg5 28. Nf3 Qf6 29. Qd1 bxa4 30. Nd4 Qg5 31. h4 Qg6 32. Rg4 Qh7 33. Nf5 Ra7 34. Qxa4 Nf6 35. Qd4 Nxg4 36. Qxa7 Re8 37. Ne7+ Kh8 38. Qd7 Rxe7 39. Rf8+ 1-0

[Event "Moscow Aeroflot op-A"]
[Site "Moscow"]
[Date "2025.03.05"]
[Round "8"]
[White "Rostovtsev, Dmitry"]
[Black "Shturman, Arseniy"]
[Result "1/2-1/2"]
[WhiteElo "2292"]
[BlackElo "2366"]
[PlyCount "104"]
[EventDate "2025.03.01"]
[EventType "swiss"]
[EventRounds "9"]
[EventCountry "RUS"]
[SourceTitle "CB11_2025"]
[SourceDate "2025.03.12"]
[SourceVersion "1"]
[SourceVersionDate "2025.03.12"]
[SourceQuality "1"]

1. e4 c5 2. Nf3 d6 3. Bb5+ Nd7 4. d4 cxd4 5. Qxd4 a6 6. Be2 Ngf6 7. 0-0 e5 8. Qe3 Nc5 9. Nc3 Be7 10. Rd1 Qc7 11. Nh4 g6 12. Nf3 0-0 13. a4 Bd7 14. Nd2 Ne6 15. Nb3 Rfd8 16. a5 Rac8 17. Qf3 Bc6 18. Be3 Re8 19. g3 h5 20. Qg2 Kg7 21. Bb6 Qb8 22. Nd5 Ng5 23. Nxf6 Bxf6 24. Bd3 h4 25. Be3 Bd7 26. g4 h3 27. Qg3 Bc6 28. Nd2 d5 29. Nf3 Nxe4 30. Bxe4 dxe4 31. g5 Bd8 32. Nd4 Bd7 33. Nb3 Bf5 34. Nc5 Qc7 35. Rd5 Be7 36. b4 Rcd8 37. Qxe5+ Qxe5 38. Rxe5 Bxc5 39. Rxc5 Re6 40. c3 Rc6 41. Bd4+ Kf8 42. Re1 Rxc5 43. Bxc5+ Kg8 44. Bd4 Rd5 45. f4 Kf8 46. Kf2 Ke7 47. Ke3 Kd8 48. Rb1 Kc8 49. Rb3 Rd7 50. b5 Be6 51. Rb4 axb5 52. Rxb5 Rd5 1/2-1/2

[Event "Leninskiy Dokhoian Memorial Rapid"]
[Site "Leninskiy"]
[Date "2024.11.17"]
[Round "8"]
[White "Makarian, Rudik"]
[Black "Rostovtsev, Dmitry"]
[Result "1-0"]
[WhiteElo "2547"]
[BlackElo "2284"]
[PlyCount "95"]
[EventDate "2024.11.16"]
[EventType "swiss (rapid)"]
[EventRounds "11"]
[EventCountry "RUS"]
[SourceTitle "CB47_2024"]
[SourceDate "2024.11.20"]
[SourceVersion "1"]
[SourceVersionDate "2024.11.20"]
[SourceQuality "1"]

1. c4 e5 2. Nc3 Bb4 3. Qb3 Nc6 4. e3 Nf6 5. a3 Bc5 6. Nf3 0-0 7. d3 a5 8. Be2 d6 9. 0-0 h6 10. Qc2 Re8 11. b3 Bf5 12. Bb2 Qd7 13. h3 Bg6 14. Nd2 Rad8 15. Bf3 Qf5 16. Nde4 Nxe4 17. Nxe4 Qe6 18. Rad1 Kh8 19. Rfe1 f5 20. Nxc5 dxc5 21. Qc3 Rd7 22. Bxc6 Qxc6 23. Qxa5 Bh5 24. Rd2 Rd6 25. Qb5 e4 26. d4 cxd4 27. Rxd4 Qxb5 28. cxb5 Bf7 29. Rc1 Rxd4 30. Bxd4 Re7 31. b4 Bb3 32. Rc5 Rf7 33. h4 Ba4 34. h5 Kh7 35. Kh2 b6 36. Re5 Bd1 37. Kg3 Bxh5 38. a4 g5 39. a5 Be2 40. a6 f4+ 41. Kh2 c5 42. bxc6 Bxa6 43. b5 Bc8 44. Bxb6 Kg6 45. Re8 Bf5 46. Bd4 f3 47. b6 fxg2 48. Kxg2 1-0

[Event "Leninskiy Dokhoian Memorial Rapid"]
[Site "Leninskiy"]
[Date "2024.11.17"]
[Round "9"]
[White "Rostovtsev, Dmitry"]
[Black "Kretov, Evgenij"]
[Result "0-1"]
[WhiteElo "2284"]
[BlackElo "2276"]
[PlyCount "43"]
[EventDate "2024.11.16"]
[EventType "swiss (rapid)"]
[EventRounds "11"]
[EventCountry "RUS"]
[SourceTitle "CB47_2024"]
[SourceDate "2024.11.20"]
[SourceVersion "1"]
[SourceVersionDate "2024.11.20"]
[SourceQuality "1"]

1. e4 c5 2. Nf3 Nc6 3. d4 cxd4 4. Nxd4 g6 5. c4 Nf6 6. Nc3 d6 7. Nc2 Bg7 8. Be2 0-0 9. Be3 a5 10. 0-0 a4 11. Qd2 Be6 12. f3 Nd7 13. Rab1 Qa5 14. Rfd1 Rfc8 15. Na3 Nc5 16. Nd5 Qxd2 17. Rxd2 Bxd5 18. cxd5 Nb4 19. Nc4 Nd7 20. Ra1 Rab8 21. Kf2 Kf8 22. g4 0-1

[Event "Chigorin Memorial 31st"]
[Site "St Petersburg"]
[Date "2024.11.03"]
[Round "9"]
[White "Rostovtsev, Dmitry"]
[Black "Levin, Evgeny A"]
[Result "0-1"]
[WhiteElo "2304"]
[BlackElo "2469"]
[PlyCount "102"]
[EventDate "2024.10.26"]
[EventType "swiss"]
[EventRounds "9"]
[EventCountry "RUS"]
[SourceTitle "CB45_2024"]
[Source "ChessBase"]
[SourceDate "2024.11.06"]
[SourceVersion "1"]
[SourceVersionDate "2024.11.06"]
[SourceQuality "1"]

1. Nf3 Nf6 2. c4 b6 3. g3 c5 4. Bg2 Bb7 5. 0-0 e6 6. Nc3 Be7 7. Re1 Ne4 8. d4 Nxc3 9. bxc3 d6 10. e4 Nd7 11. d5 e5 12. h4 0-0 13. a4 Nf6 14. Bh3 Re8 15. Nh2 g6 16. Bg5 Nh5 17. Bd2 Nf6 18. Bg5 Nh5 19. Bd2 Nf6 20. Qf3 Ba6 21. Qd3 Bf8 22. Nf1 Bg7 23. Ne3 Qc7 24. Ra2 Rab8 25. Kg2 Qe7 26. Nc2 h5 27. Bg5 Kh7 28. Qf3 Bxc4 29. Raa1 Rh8 30. Ne3 Ba6 31. c4 Kg8 32. Reb1 Qd8 33. g4 Kf8 34. Kh1 Bc8 35. a5 Qe7 36. axb6 axb6 37. Ra2 Ke8 38. gxh5 Bxh3 39. h6 Rxh6 40. Qxh3 Rh5 41. Qf3 Qd7 42. Nf5 gxf5 43. Bxf6 Rh7 44. Rg1 fxe4 45. Qb3 Bxf6 46. Rg8+ Ke7 47. Rxb8 Bxh4 48. Kg2 Qg4+ 49. Kf1 Bg5 50. Ra7+ Kf6 51. Rxf7+ Kxf7 0-1

[Event "Chigorin Memorial 31st"]
[Site "St Petersburg"]
[Date "2024.10.29"]
[Round "4"]
[White "Bondarenko, Ivan"]
[Black "Rostovtsev, Dmitry"]
[Result "0-1"]
[WhiteElo "2112"]
[BlackElo "2304"]
[PlyCount "68"]
[EventDate "2024.10.26"]
[EventType "swiss"]
[EventRounds "9"]
[EventCountry "RUS"]
[SourceTitle "CB45_2024"]
[Source "ChessBase"]
[SourceDate "2024.11.06"]
[SourceVersion "1"]
[SourceVersionDate "2024.11.06"]
[SourceQuality "1"]

1. d4 Nf6 2. c4 e6 3. Nc3 Bb4 4. Qc2 d5 5. a3 Bxc3+ 6. Qxc3 c5 7. dxc5 d4 8. Qc2 e5 9. e3 0-0 10. Nf3 Re8 11. b4 a5 12. Bb2 Na6 13. Qb3 axb4 14. axb4 Nxc5 15. Qd1 Rxa1 16. Bxa1 Qb6 17. bxc5 Qa5+ 18. Ke2 d3+ 19. Qxd3 Qxa1 20. Nd2 e4 21. Qd6 Qa5 22. Qb6 Qc3 23. h3 Be6 24. Kd1 Ra8 25. Nb1 Qa1 26. Qxb7 Nd7 27. c6 Qa4+ 28. Kd2 Nc5 29. Qb5 Qa2+ 30. Kc3 Na4+ 31. Kd4 Rd8+ 32. Ke5 Qxf2 33. g4 Qg3+ 34. Kxe4 Bxg4 0-1

[Event "Chigorin Memorial Blitz 31st"]
[Site "St Petersburg"]
[Date "2024.10.25"]
[Round "8"]
[White "Zakharov, Alexey O"]
[Black "Rostovtsev, Dmitry"]
[Result "1-0"]
[WhiteElo "2196"]
[BlackElo "2304"]
[PlyCount "99"]
[EventDate "2024.10.25"]
[EventType "swiss (blitz)"]
[EventRounds "11"]
[EventCountry "RUS"]
[SourceTitle "CB44_2024"]
[Source "Chessbase"]
[SourceDate "2024.10.30"]
[SourceVersion "1"]
[SourceVersionDate "2024.10.30"]
[SourceQuality "1"]

1. e4 e5 2. Nf3 Nc6 3. Bc4 d6 4. c3 f5 5. d3 Qf6 6. Qe2 Nge7 7. Na3 a6 8. Bg5 Qg6 9. exf5 Bxf5 10. Be3 d5 11. Nh4 Qf7 12. Bb3 0-0-0 13. Nxf5 Nxf5 14. Bg5 Be7 15. Bxe7 Nfxe7 16. 0-0-0 Rhf8 17. Qg4+ Kb8 18. Rd2 Rd6 19. f3 Nf5 20. Re1 Rg6 21. Qa4 Qd7 22. Nc2 Nfe7 23. Ne3 Rf4 24. Qa3 h5 25. Qc5 Rd6 26. Nf1 h4 27. Rf2 Rf8 28. Bc2 g5 29. Ne3 Ng6 30. Bb3 Rd8 31. Ng4 Re6 32. Ne3 Rd6 33. Ng4 b6 34. Qe3 Nf4 35. g3 hxg3 36. hxg3 d4 37. Qe4 Nd5 38. Bxd5 Rxd5 39. Nf6 Qe6 40. Nxd5 Rxd5 41. c4 Rc5 42. Kb1 b5 43. b3 bxc4 44. dxc4 Qd6 45. f4 gxf4 46. gxf4 d3 47. Rd2 Nb4 48. fxe5 Qb6 49. Rf1 Rc6 50. Rf8+ 1-0

[Event "RUS-chT Blitz"]
[Site "Sochi"]
[Date "2024.10.17"]
[Round "8.5"]
[White "Artemiev, Vladislav"]
[Black "Rostovtsev, Dmitry"]
[Result "1-0"]
[WhiteElo "2701"]
[BlackElo "2304"]
[PlyCount "133"]
[EventDate "2024.10.17"]
[EventType "team-swiss (blitz)"]
[EventRounds "11"]
[EventCountry "RUS"]
[SourceTitle "CB43_2024"]
[Source "Chessbase"]
[SourceDate "2024.10.23"]
[SourceVersion "1"]
[SourceVersionDate "2024.10.23"]
[SourceQuality "1"]
[WhiteTeam "Tatarstan"]
[BlackTeam "Moscow Formula Shakhmat"]
[WhiteTeamCountry "RUS"]
[BlackTeamCountry "RUS"]

1. d4 d5 2. c4 c5 3. cxd5 Qxd5 4. Nf3 cxd4 5. Nc3 Qa5 6. Nxd4 Nf6 7. a3 a6 8. g3 e5 9. Nb3 Qc7 10. Bg5 Be6 11. Bxf6 gxf6 12. Nd5 Qd8 13. Bg2 Nc6 14. 0-0 f5 15. Qd2 Bg7 16. Nc5 Rb8 17. Rad1 0-0 18. Nb4 Qxd2 19. Rxd2 Nxb4 20. axb4 e4 21. Rfd1 Rfc8 22. Bh3 h5 23. Nd7 Bxd7 24. Rxd7 Rc2 25. e3 Rxb2 26. Bxf5 Rxb4 27. Re7 Bf6 28. Rc7 Be5 29. Rc5 Bf6 30. Rd7 b6 31. Rcc7 Rf8 32. Rxf7 Rxf7 33. Be6 Kg7 34. Bxf7 Kh6 35. Rc6 Kg7 36. Bxh5 a5 37. Rc7+ Kh6 38. Bf7 a4 39. Ra7 b5 40. Be8 Rb1+ 41. Kg2 Rb2 42. Bxb5 Rxb5 43. Rxa4 Re5 44. h4 Kg6 45. Ra6 Kf5 46. Kh3 Kg6 47. g4 Kg7 48. Kg3 Re8 49. g5 Be5+ 50. Kg4 Rf8 51. Ra7+ Kg8 52. Ra2 Rf3 53. h5 Bh2 54. h6 Be5 55. g6 Rf6 56. Ra8+ Rf8 57. Rxf8+ Kxf8 58. Kf5 Bd6 59. Kxe4 Bh2 60. f4 Bg1 61. Kf3 Bh2 62. e4 Bg1 63. e5 Bd4 64. Ke4 Bb2 65. Kf5 Bc1 66. g7+ Kf7 67. e6+ 1-0

[Event "RUS-chT Blitz"]
[Site "Sochi"]
[Date "2024.10.17"]
[Round "11.9"]
[White "Rostovtsev, Dmitry"]
[Black "Esipenko, Andrey"]
[Result "1/2-1/2"]
[WhiteElo "2304"]
[BlackElo "2677"]
[PlyCount "39"]
[EventDate "2024.10.17"]
[EventType "team-swiss (blitz)"]
[EventRounds "11"]
[EventCountry "RUS"]
[SourceTitle "CB43_2024"]
[Source "Chessbase"]
[SourceDate "2024.10.23"]
[SourceVersion "1"]
[SourceVersionDate "2024.10.23"]
[SourceQuality "1"]
[WhiteTeam "Moscow Formula Shakhmat"]
[BlackTeam "Moscow Park Tauer"]
[WhiteTeamCountry "RUS"]
[BlackTeamCountry "RUS"]

1. e4 e5 2. Nf3 Nc6 3. Nc3 Nf6 4. Bb5 Bd6 5. a3 a6 6. Bxc6 dxc6 7. d3 h6 8. Be3 Be6 9. h3 Nd7 10. 0-0 g5 11. d4 g4 12. Nxe5 Nxe5 13. dxe5 Bxe5 14. Qxd8+ Rxd8 15. hxg4 Bxg4 16. f3 Be6 17. Rad1 Ke7 18. Rxd8 Rxd8 19. Rd1 Bxc3 20. Ra1 1/2-1/2

[Event "RUS-ch Rapid"]
[Site "Sochi"]
[Date "2024.10.16"]
[Round "6"]
[White "Lazavik, Denis"]
[Black "Rostovtsev, Dmitry"]
[Result "1-0"]
[WhiteElo "2578"]
[BlackElo "2304"]
[PlyCount "169"]
[EventDate "2024.10.15"]
[EventType "swiss (rapid)"]
[EventRounds "11"]
[EventCountry "RUS"]
[SourceTitle "CB43_2024"]
[Source "Chessbase"]
[SourceDate "2024.10.23"]
[SourceVersion "1"]
[SourceVersionDate "2024.10.23"]
[SourceQuality "1"]

1. d4 d5 2. c4 c5 3. cxd5 Qxd5 4. Nf3 cxd4 5. Nc3 Qa5 6. Nxd4 Nf6 7. Qd3 e5 8. Qb5+ Qxb5 9. Ndxb5 Na6 10. g3 Bd7 11. Bg2 Bc6 12. 0-0 Bb4 13. Be3 Ng4 14. Bd2 0-0 15. a3 Bxc3 16. Nxc3 Bxg2 17. Kxg2 Rfd8 18. Rad1 Nc5 19. h3 Nf6 20. Be3 b6 21. Bxc5 bxc5 22. Na4 Rdc8 23. Rd6 Rab8 24. Rc1 h5 25. Rc4 a5 26. Rd2 Rb5 27. Rdc2 Nd7 28. b4 axb4 29. axb4 f6 30. bxc5 Rc6 31. Rd2 Nf8 32. Rb2 Rxb2 33. Nxb2 Ne6 34. Nd3 Kf7 35. e3 Rc7 36. h4 e4 37. Rxe4 Nxc5 38. Rc4 Ne6 39. Rb4 Rd7 40. Ne1 Kg6 41. Rb5 Rc7 42. Nf3 Rc5 43. Rb6 Kf7 44. Nd2 Rd5 45. Ne4 Ke7 46. Rb7+ Rd7 47. Rb5 g6 48. Rb6 Rc7 49. Rb8 Nc5 50. Nc3 Nd7 51. Rb3 Kf7 52. Nd5 Ra7 53. Rb2 Ke6 54. Nc3 Kf7 55. Nb5 Ra6 56. Rc2 Rb6 57. Nd4 Rb7 58. Ne2 Ne5 59. Nf4 Rd7 60. Rc3 Rd2 61. Rc7+ Rd7 62. Rxd7+ Nxd7 63. Nd3 Nb8 64. Kf3 Nc6 65. Ke4 Ne7 66. Kf4 Nd5+ 67. Kf3 Ne7 68. e4 Ke6 69. Ke3 Kf7 70. Nb4 Ke6 71. Kd4 Kd6 72. f4 Ke6 73. Kc5 g5 74. fxg5 fxg5 75. hxg5 Ng6 76. Kd4 Ne5 77. Ke3 Kf7 78. Nd3 Nc4+ 79. Kf4 Ke6 80. Nc5+ Kf7 81. e5 Kg6 82. e6 Nd6 83. Ne4 Nc8 84. Ke5 Kg7 85. Nd6 1-0

[Event "RUS-ch Blitz"]
[Site "Sochi"]
[Date "2024.10.14"]
[Round "12"]
[White "Matinian, Nikita"]
[Black "Rostovtsev, Dmitry"]
[Result "0-1"]
[WhiteElo "2414"]
[BlackElo "2304"]
[PlyCount "71"]
[EventDate "2024.10.14"]
[EventType "swiss (blitz)"]
[EventRounds "13"]
[EventCountry "RUS"]
[SourceTitle "CB43_2024"]
[Source "Chessbase"]
[SourceDate "2024.10.23"]
[SourceVersion "1"]
[SourceVersionDate "2024.10.23"]
[SourceQuality "1"]

1. e4 e5 2. Nf3 Nc6 3. Bb5 Nge7 4. c3 d5 5. Nxe5 dxe4 6. Nxc6 Nxc6 7. Qa4 Qd5 8. 0-0 Bd6 9. d4 exd3 10. Re1+ Be6 11. Bf4 Bxf4 12. Bxc6+ Qxc6 13. Qxf4 0-0 14. Nd2 Rad8 15. Re3 Qb6 16. b3 Qc6 17. c4 Qd6 18. Qxd6 Rxd6 19. f3 Rfd8 20. Kf2 b6 21. Rd1 h6 22. g4 f5 23. Rde1 Bd7 24. gxf5 Bxf5 25. Re7 R8d7 26. Re8+ Kf7 27. R1e5 c5 28. h4 Rd4 29. Ra8 Kf6 30. Rd5 R7xd5 31. cxd5 Rxh4 32. Nc4 b5 33. Rf8+ Kg5 34. Ne3 Bg6 35. f4+ Rxf4+ 36. Rxf4 0-1